Základy marketingu pro střední odborné školy /

Hlavní autor: Vysekalová, Jitka, 1941-2024
Další autoři: Vydrová, Jaruše, Strnad, Pavel, 1938-2014
Jazyk: Čeština
Vydáno: Praha : Fortuna, 1999
Vydání: 2. vyd.
Témata:
Fyzický popis: 164 s. : il. ; 21 cm
Knihy
Uloženo v:
LEADER 01162nam a2200325 a 4500
001 000472266
003 CZ BrMZK
005 20210120081845.0
007 ta
008 010907s1999 xr d p 0 cze d
015 |a cnb000738138 
020 |a 80-7168-668-9 
040 |a BOA001  |b cze 
072 7 |a 658  |x Řízení a správa podniku  |2 Konspekt  |9 4 
072 7 |a 37.016  |x Učební osnovy. Vyučovací předměty. Učebnice  |2 Konspekt  |9 22 
080 |a 658.8  |2 MRF 
080 |a (075.3)  |2 MRF 
100 1 |a Vysekalová, Jitka,  |d 1941-2024  |7 jk01151219  |4 aut 
245 1 0 |a Základy marketingu pro střední odborné školy /  |c Jitka Vysekalová, Pavel Strnad, Jaruše Vydrová 
250 |a 2. vyd. 
260 |a Praha :  |b Fortuna,  |c 1999 
300 |a 164 s. :  |b il. ;  |c 21 cm 
500 |a Bibliogr. 
650 0 7 |a marketing  |7 ph115227  |2 czenas 
655 7 |a učebnice středních škol  |7 fd133771  |2 czenas 
700 1 |a Vydrová, Jaruše  |7 jx20050627033  |4 aut 
700 1 |a Strnad, Pavel,  |d 1938-2014  |7 ola2005262932  |4 aut 
910 |a BOA001  |b 2-1071.143 
990 |a BK 
996 6 |b 2610127581  |c 2-1071.143  |l MZK  |r Sklad / do 1 hodiny  |n 42  |p kup  |w 000472266  |u 000020  |a 1  |e BOA001  |j MZK50  |s P